Historické východiská jazykovej politiky v Európskej únii
Jazyková politika EU je síce čiastkovou agendou, ktorou sa zaoberajú európske inštitúcie, no zároveň je to problematika, ktorá je podstatne prepojená so základnou filozofiou fungovania integrujúcej sa Európy. Autor považuje za potrebné poukázať na jednotlivé obdobia, ktorými prechádzala integrácia n...
Uložené v:
| Hlavný autor: | |
|---|---|
| Médium: | Kapitola |
| Jazyk: | Slovak |
| Predmet: | |
| Tagy: |
Žiadne tagy, Buďte prvý, kto otaguje tento záznam!
|
MARC
| LEADER | 00000nla$a2200000$$$4500 | ||
|---|---|---|---|
| 001 | 0113526 | ||
| 005 | 20240502072249.0 | ||
| 041 | 0 | |a slo | |
| 044 | |a SK | ||
| 245 | 1 | 0 | |a Historické východiská jazykovej politiky v Európskej únii |c Ján Strelinger |
| 520 | |a Jazyková politika EU je síce čiastkovou agendou, ktorou sa zaoberajú európske inštitúcie, no zároveň je to problematika, ktorá je podstatne prepojená so základnou filozofiou fungovania integrujúcej sa Európy. Autor považuje za potrebné poukázať na jednotlivé obdobia, ktorými prechádzala integrácia najmä v prvých dvoch desaťročiach, v súvislosti s formovaním sa toho, čo dnes nazývame jazykovou politikou. Naznačuje, v akých súvislostiach sa utvárala, deklarovala a realizovala. | ||
| 610 | 2 | 0 | |a jazyk štátny |
| 610 | 2 | 0 | |a jazyky cudzie |
| 610 | 2 | 0 | |a kultúra |
| 610 | 2 | 0 | |a politika |
| 610 | 2 | 0 | |a Európa |
| 100 | 1 | |a Strelinger, Ján, 1964- | |